[Event "Madrid-ch Seniors 65"]
[Site "Madrid"]
[Date "2017.01.27"]
[Round "6"]
[White "Mayer Schwartz, Rene"]
[Black "Garcia Esteban, Ignacio"]
[Result "1/2-1/2"]
[WhiteElo "2032"]
[BlackElo "1851"]
[PlyCount "62"]
[EventDate "2017.01.20"]
[EventType "swiss"]
[EventRounds "7"]
[EventCountry "ESP"]
[SourceTitle "CBM 176 Extra"]
[Source "ChessBase"]
[SourceDate "2017.03.02"]
[SourceVersion "1"]
[SourceVersionDate "2017.03.02"]
[SourceQuality "1"]

1. Nf3 Nf6 2. c4 g6 3. g3 Bg7 4. Bg2 d5 5. 0-0 0-0 6. cxd5 Nxd5 7. d4 Nf6 8. Nc3 c6 9. h3 Nd5 10. e4 Nxc3 11. bxc3 c5 12. Be3 cxd4 13. cxd4 Nc6 14. Rb1 Qa5 15. Qb3 Qd8 16. Rfd1 Na5 17. Qb4 Nc6 18. Qc5 Qe8 19. d5 Ne5 20. Nxe5 Bxe5 21. Bh6 b6 22. Qa3 Bg7 23. Bxg7 Kxg7 24. Rbc1 Qd8 25. e5 a5 26. d6 Ra7 27. dxe7 Qxe7 28. Qb2 Qb4 29. Qa1 Be6 30. a3 Qe7 31. Rd6 b5 1/2-1/2

[Event "Madrid-ch Seniors 65"]
[Site "Madrid"]
[Date "2017.01.23"]
[Round "2"]
[White "Mayer Schwartz, Rene"]
[Black "Ortega Morales, Pedro"]
[Result "1/2-1/2"]
[WhiteElo "2032"]
[BlackElo "1748"]
[PlyCount "50"]
[EventDate "2017.01.20"]
[EventType "swiss"]
[EventRounds "7"]
[EventCountry "ESP"]
[SourceTitle "CBM 176 Extra"]
[Source "ChessBase"]
[SourceDate "2017.03.02"]
[SourceVersion "1"]
[SourceVersionDate "2017.03.02"]
[SourceQuality "1"]

1. Nf3 d5 2. b3 Nf6 3. Bb2 e6 4. e3 Nbd7 5. Be2 Be7 6. 0-0 0-0 7. c4 c6 8. Nc3 b6 9. Qc2 Bb7 10. Rad1 Qc7 11. d4 Rfd8 12. Rd2 Bb4 13. Rdd1 Rac8 14. a3 Bd6 15. Rc1 a6 16. cxd5 cxd5 17. Qb1 Qb8 18. h3 h6 19. Bd3 Qa8 20. Rfd1 b5 21. Ne2 Rxc1 22. Rxc1 Rc8 23. Ne5 Rxc1+ 24. Qxc1 Qc8 25. Qxc8+ Bxc8 1/2-1/2

[Event "ESP-ch Seniors 65"]
[Site "Altea"]
[Date "2016.10.15"]
[Round "8"]
[White "Simon Padros, Emili"]
[Black "Mayer Schwartz, Rene"]
[Result "1/2-1/2"]
[WhiteElo "2161"]
[BlackElo "1982"]
[PlyCount "188"]
[EventDate "2016.10.09"]
[EventType "swiss"]
[EventRounds "9"]
[EventCountry "ESP"]
[SourceTitle "EXT 2024"]
[Source "ChessBase"]
[SourceDate "2023.10.10"]
[SourceVersion "1"]
[SourceVersionDate "2023.10.10"]
[SourceQuality "1"]

1. e4 e5 2. Nf3 Nc6 3. Bb5 d6 4. 0-0 Nf6 5. c3 Bd7 6. Re1 Be7 7. d4 0-0 8. d5 Nb8 9. Bd3 a5 10. h3 Na6 11. c4 Nc5 12. Bc2 Re8 13. Nc3 Bf8 14. Be3 b6 15. a3 g6 16. b4 Nb7 17. Qd2 Bg7 18. Bg5 Qc8 19. Bxf6 Bxf6 20. Ba4 Bg7 21. Bxd7 Qxd7 22. Nb5 h6 23. Qd3 Rec8 24. Red1 Bf8 25. Qe2 Bg7 26. Ne1 Bf8 27. Nd3 Re8 28. Qg4 Qe7 29. Re1 h5 30. Qe2 Bh6 31. g3 Rec8 32. Nb2 Qd7 33. Kg2 Qe7 34. Rf1 Kh7 35. Qd3 Kg8 36. Qb3 Qd7 37. Rae1 Re8 38. Nd3 Re7 39. Qc2 Kh7 40. Kh2 Ree8 41. f4 exf4 42. gxf4 Bg7 43. f5 Be5+ 44. Nxe5 Rxe5 45. fxg6+ fxg6 46. Rf6 axb4 47. Qg2 Rg8 48. axb4 Rg7 49. Nd4 Nd8 50. Nf3 Re8 51. Ng5+ Kg8 52. Ref1 Qe7 53. Qg3 Kh8 54. h4 Kg8 55. Qf4 Kh8 56. Ne6 Nxe6 57. Rxe6 Qd8 58. Rxe8+ Qxe8 59. Qf8+ Qxf8 60. Rxf8+ Kh7 61. Kg3 Re7 62. Kf4 Kg7 63. Rc8 Kf6 64. Rf8+ Kg7 65. Rd8 Kf6 66. Rc8 Kg7 67. c5 bxc5 68. bxc5 dxc5 69. e5 Rf7+ 70. Ke4 Re7 71. Ra8 Rf7 72. Ra5 g5 73. hxg5 Kg6 74. e6 Rh7 75. Rxc5 h4 76. Kf4 h3 77. Rc1 Re7 78. Rh1 c6 79. Rxh3 cxd5 80. Rh6+ Kg7 81. Ke5 Ra7 82. Kxd5 Ra5+ 83. Kd6 Ra6+ 84. Ke5 Ra5+ 85. Kf4 Ra4+ 86. Kg3 Ra3+ 87. Kg4 Ra4+ 88. Kh5 Re4 89. Rg6+ Kf8 90. Rh6 Kg7 91. Rf6 Re5 92. Rf7+ Kg8 93. Kg6 Rxe6+ 94. Rf6 Re7 1/2-1/2

[Event "ESP-ch Seniors 65"]
[Site "Altea"]
[Date "2016.10.13"]
[Round "6"]
[White "Mayer Schwartz, Rene"]
[Black "Anguera Maestro, Jaime"]
[Result "1-0"]
[WhiteElo "1982"]
[BlackElo "2083"]
[PlyCount "87"]
[EventDate "2016.10.09"]
[EventType "swiss"]
[EventRounds "9"]
[EventCountry "ESP"]
[SourceTitle "EXT 2024"]
[Source "ChessBase"]
[SourceDate "2023.10.10"]
[SourceVersion "1"]
[SourceVersionDate "2023.10.10"]
[SourceQuality "1"]

1. Nf3 d5 2. d4 Nf6 3. g3 Bf5 4. Bg2 e6 5. 0-0 h6 6. c4 c6 7. Qb3 b6 8. Nc3 Bd6 9. Rd1 0-0 10. cxd5 exd5 11. Bf4 Bxf4 12. gxf4 Ne4 13. Rac1 Re8 14. Ne5 Nxc3 15. Rxc3 Re6 16. Rdc1 Qd6 17. e3 Be4 18. Bxe4 dxe4 19. d5 Rg6+ 20. Nxg6 Qxg6+ 21. Kh1 c5 22. Rg1 Qf5 23. Rcc1 Nd7 24. Rcd1 Nf6 25. d6 Rd8 26. Qc3 Qh5 27. Rd2 Ng4 28. Rg2 Rd7 29. b4 Qf5 30. h3 Nf6 31. Kh2 Ne8 32. bxc5 bxc5 33. Qe5 Qxe5 34. fxe5 f6 35. exf6 Nxf6 36. Rg1 Rf7 37. Rb1 c4 38. Rb8+ Kh7 39. Rc8 Nd7 40. Rc7 Kg6 41. Kg2 Kf5 42. Rxc4 Ne5 43. Rc5 Ke6 44. Rxe5+ 1-0

[Event "ESP-ch Seniors 65"]
[Site "Altea"]
[Date "2016.10.12"]
[Round "5"]
[White "Serra Olives, Tomas"]
[Black "Mayer Schwartz, Rene"]
[Result "0-1"]
[WhiteElo "2171"]
[BlackElo "1982"]
[PlyCount "118"]
[EventDate "2016.10.09"]
[EventType "swiss"]
[EventRounds "9"]
[EventCountry "ESP"]
[SourceTitle "EXT 2024"]
[Source "ChessBase"]
[SourceDate "2023.10.10"]
[SourceVersion "1"]
[SourceVersionDate "2023.10.10"]
[SourceQuality "1"]

1. e4 e5 2. Nf3 Nc6 3. Bb5 d6 4. 0-0 Nf6 5. d4 Bd7 6. c3 Be7 7. Re1 a6 8. Ba4 exd4 9. cxd4 d5 10. exd5 Nxd5 11. Nc3 Nxc3 12. bxc3 0-0 13. d5 Na7 14. Bc2 Bf6 15. a4 g6 16. Bh6 Bxc3 17. Rb1 Bxe1 18. Qd4 f6 19. Rxe1 Re8 20. Rc1 Nc8 21. h4 Nd6 22. h5 Bf5 23. hxg6 Bxc2 24. Rxc2 hxg6 25. Qg4 Kf7 26. Qf4 Kg8 27. Qg4 Kh7 28. Bf4 Re7 29. Nd4 Nf7 30. Rc3 Qxd5 31. Rh3+ Kg7 32. Be3 Rh8 33. Rg3 Qh5 34. Qxh5 Rxh5 35. Rf3 Ne5 36. Rf4 Nd3 37. Rf3 c5 38. Ne2 b5 39. g4 Rhe5 40. Rh3 Ne1 41. Nf4 Nc2 42. Bd2 Nd4 43. Bc3 Ne2+ 44. Nxe2 Rxe2 45. g5 Rd7 46. Bxf6+ Kf7 47. axb5 axb5 48. Kf1 Rc2 49. Rf3 Ke6 50. Bh8 Rf7 51. Re3+ Kd6 52. Be5+ Kd5 53. Bf6 b4 54. Rd3+ Kc4 55. Rd6 b3 56. Rb6 Ra7 57. Be5 Raa2 58. Rxg6 Rxf2+ 59. Kg1 Rfe2 0-1

[Event "Pontevedra op 4th"]
[Site "Pontevedra"]
[Date "2016.08.09"]
[Round "2"]
[White "Oratovsky, Michael"]
[Black "Mayer Schwartz, Rene"]
[Result "1-0"]
[WhiteElo "2479"]
[BlackElo "1995"]
[PlyCount "69"]
[EventDate "2016.08.08"]
[EventType "swiss"]
[EventRounds "9"]
[EventCountry "ESP"]
[SourceTitle "CBM 173 Extra"]
[Source "ChessBase"]
[SourceDate "2016.08.29"]
[SourceVersion "1"]
[SourceVersionDate "2016.08.29"]
[SourceQuality "1"]

1. e4 e5 2. Nf3 Nc6 3. Bc4 Be7 4. d3 Nf6 5. 0-0 0-0 6. a4 d6 7. a5 a6 8. c3 Be6 9. Nbd2 Bxc4 10. Nxc4 h6 11. Re1 Re8 12. Qb3 Rb8 13. Ne3 Bf8 14. h3 Qd7 15. Bd2 g6 16. Nd5 Nxd5 17. exd5 Ne7 18. d4 exd4 19. Nxd4 Kh7 20. Re4 Nf5 21. Rf4 Nxd4 22. Rxd4 c5 23. dxc6 bxc6 24. Rb4 Qc7 25. Rb6 c5 26. Qc4 d5 27. Qxa6 Kg8 28. Qb5 d4 29. cxd4 cxd4 30. Rc1 Qd8 31. Bf4 Ra8 32. a6 d3 33. Rd1 Qd4 34. Rb8 Raxb8 35. Bxb8 1-0

[Event "Madrid-ch Seniors"]
[Site "Madrid"]
[Date "2016.01.29"]
[Round "7"]
[White "Ciuro Munoz, Ricardo"]
[Black "Mayer Schwartz, Rene"]
[Result "1/2-1/2"]
[WhiteElo "2024"]
[BlackElo "2015"]
[PlyCount "28"]
[EventDate "2016.01.22"]
[EventType "swiss"]
[EventRounds "7"]
[EventCountry "ESP"]
[SourceTitle "EXT 2017"]
[Source "ChessBase"]
[SourceDate "2016.10.25"]
[SourceVersion "1"]
[SourceVersionDate "2016.10.25"]
[SourceQuality "1"]

1. e4 d6 2. d4 e5 3. dxe5 dxe5 4. Qxd8+ Kxd8 5. Bc4 f6 6. Nc3 c6 7. Be3 Nd7 8. a4 Bc5 9. Bxc5 Nxc5 10. Nge2 Be6 11. Bxe6 Nxe6 12. 0-0 a5 13. Rfd1+ Kc7 14. f3 Ne7 1/2-1/2

[Event "Madrid-ch Seniors"]
[Site "Madrid"]
[Date "2016.01.28"]
[Round "6"]
[White "Mayer Schwartz, Rene"]
[Black "Fernandez Garcia, Ignacio"]
[Result "1-0"]
[WhiteElo "2015"]
[BlackElo "1875"]
[PlyCount "73"]
[EventDate "2016.01.22"]
[EventType "swiss"]
[EventRounds "7"]
[EventCountry "ESP"]
[SourceTitle "EXT 2017"]
[Source "ChessBase"]
[SourceDate "2016.10.25"]
[SourceVersion "1"]
[SourceVersionDate "2016.10.25"]
[SourceQuality "1"]

1. Nf3 d6 2. d4 Nf6 3. c4 g6 4. g3 Bg7 5. Bg2 c6 6. 0-0 0-0 7. Nc3 Be6 8. b3 d5 9. c5 Qc8 10. Re1 Na6 11. Bf4 b6 12. cxb6 axb6 13. Rc1 Qb7 14. Ne5 Rac8 15. Qd2 Rfd8 16. h3 Nc7 17. g4 Nce8 18. Na4 Nd6 19. Qb4 Nb5 20. Nxc6 Rxc6 21. Qxb5 Rdc8 22. Rxc6 Rxc6 23. Rc1 Rxc1+ 24. Bxc1 h5 25. gxh5 Qc8 26. Ba3 Nxh5 27. Nxb6 Qc3 28. e3 Qe1+ 29. Qf1 Qa5 30. Bc5 Qxa2 31. Qd1 Nf6 32. Bxe7 Ne4 33. Bxe4 dxe4 34. d5 Bxh3 35. d6 Qa3 36. d7 Qxe7 37. d8Q+ 1-0

[Event "Madrid-ch Seniors"]
[Site "Madrid"]
[Date "2016.01.23"]
[Round "2"]
[White "Mayer Schwartz, Rene"]
[Black "Pashov, Spas Nikolov"]
[Result "1-0"]
[WhiteElo "2015"]
[BlackElo "1722"]
[PlyCount "73"]
[EventDate "2016.01.22"]
[EventType "swiss"]
[EventRounds "7"]
[EventCountry "ESP"]
[SourceTitle "EXT 2017"]
[Source "ChessBase"]
[SourceDate "2016.10.25"]
[SourceVersion "1"]
[SourceVersionDate "2016.10.25"]
[SourceQuality "1"]

1. Nf3 Nf6 2. b3 g6 3. Bb2 Bg7 4. e3 c5 5. Be2 0-0 6. 0-0 d5 7. d4 cxd4 8. exd4 b6 9. Nbd2 Ba6 10. Ne5 Bb7 11. Bf3 e6 12. c4 Nc6 13. Nxc6 Bxc6 14. Qe2 Rc8 15. Rfd1 Qd7 16. Rac1 Qb7 17. Qe3 Rfd8 18. c5 Nd7 19. cxb6 axb6 20. Be2 Bf8 21. Bd3 b5 22. h4 h5 23. Nf3 Bg7 24. Bxg6 fxg6 25. Qxe6+ Kh8 26. Qxg6 Nf6 27. Ng5 Be8 28. Qd3 Qe7 29. f3 Rc6 30. Kf2 Qd7 31. Re1 Rdc8 32. Rxc6 Rxc6 33. Bc1 Qc8 34. Bd2 Bh6 35. Re5 Rc2 36. Rxe8+ Qxe8 37. Qxc2 1-0

[Event "Pontevedra op 3rd"]
[Site "Pontevedra"]
[Date "2015.08.09"]
[Round "2"]
[White "Gomez Garrido, Camilo Ernesto"]
[Black "Mayer Schwartz, Rene"]
[Result "1-0"]
[WhiteElo "2519"]
[BlackElo "2029"]
[PlyCount "51"]
[EventDate "2015.08.09"]
[EventType "swiss"]
[EventRounds "9"]
[EventCountry "ESP"]
[SourceTitle "EXT 2016"]
[Source "ChessBase"]
[SourceDate "2015.10.08"]
[SourceVersion "1"]
[SourceVersionDate "2015.10.08"]
[SourceQuality "1"]

1. e4 e5 2. Nf3 Nc6 3. Bb5 Bc5 4. 0-0 Qf6 5. c3 Nge7 6. Re1 0-0 7. d4 exd4 8. e5 Qg6 9. cxd4 Nxd4 10. Nxd4 Qb6 11. Be3 Bxd4 12. Qxd4 Qxb5 13. Nc3 Qc6 14. Rac1 d6 15. Bf4 Be6 16. Ne4 Qd5 17. Qc3 Ng6 18. Bg3 dxe5 19. Nc5 Rfe8 20. h4 Rac8 21. h5 Nf4 22. Bxf4 exf4 23. Re5 Qd6 24. h6 f6 25. Rg5 g6 26. Ne4 1-0

[Event "ESP-ch Seniors 11th"]
[Site "Alicante"]
[Date "2013.10.??"]
[Round "2.10"]
[White "Serra Olives, Tomas"]
[Black "Mayer Schwartz, Rene"]
[Result "1/2-1/2"]
[WhiteElo "2191"]
[BlackElo "2010"]
[PlyCount "96"]
[EventDate "2013.10.05"]
[EventType "swiss"]
[EventRounds "9"]
[EventCountry "ESP"]
[SourceTitle "EXT 2024"]
[Source "ChessBase"]
[SourceDate "2023.10.10"]
[SourceVersion "1"]
[SourceVersionDate "2023.10.10"]
[SourceQuality "1"]

1. e4 e5 2. Nf3 Nc6 3. Bb5 Bc5 4. 0-0 Qf6 5. c3 Nge7 6. d3 a6 7. Ba4 b5 8. Bb3 h6 9. d4 exd4 10. e5 Nxe5 11. Nxe5 Qxe5 12. Qf3 d5 13. Bf4 Qe4 14. Bxc7 Qxf3 15. gxf3 0-0 16. cxd4 Bxd4 17. Nc3 Bxc3 18. bxc3 Ra7 19. Bd6 Rd8 20. Bc5 Rb7 21. a4 Be6 22. axb5 axb5 23. Ra5 Nc6 24. Ra6 Ne5 25. Kg2 Nd3 26. Be3 b4 27. Bc2 Nb2 28. cxb4 d4 29. Be4 Rxb4 30. Bd2 Rbb8 31. Rb1 Nc4 32. Rxb8 Rxb8 33. Bf4 Rd8 34. Bc7 Rc8 35. Bf4 g5 36. Bc1 Rd8 37. f4 gxf4 38. Bxf4 d3 39. Bf3 Bd5 40. Ra1 Kh7 41. Rd1 Bxf3+ 42. Kxf3 Kg6 43. Rg1+ Kh7 44. Rd1 Kg6 45. Rg1+ Kh7 46. Rd1 f5 47. Ra1 h5 48. Bc1 Rd5 1/2-1/2